<?xml version="1.0" encoding="UTF-8"?>
<record
    xmlns:xsi="http://www.w3.org/2001/XMLSchema-instance"
    xsi:schemaLocation="http://www.loc.gov/MARC21/slim http://www.loc.gov/standards/marcxml/schema/MARC21slim.xsd"
    xmlns="http://www.loc.gov/MARC21/slim">

  <leader>02256nam a22002657a 4500</leader>
  <controlfield tag="005">20240305165632.0</controlfield>
  <controlfield tag="007">cr||||   |||| </controlfield>
  <controlfield tag="008">220510s2021    es |||||s|||| 00||0 spa d</controlfield>
  <datafield tag="020" ind1=" " ind2=" ">
    <subfield code="a">978-84-123305-1-9</subfield>
  </datafield>
  <datafield tag="035" ind1=" " ind2=" ">
    <subfield code="a">35633</subfield>
  </datafield>
  <datafield tag="040" ind1=" " ind2=" ">
    <subfield code="a">vLex</subfield>
  </datafield>
  <datafield tag="090" ind1=" " ind2=" ">
    <subfield code="c">13313</subfield>
    <subfield code="d">13313</subfield>
  </datafield>
  <datafield tag="100" ind1="1" ind2=" ">
    <subfield code="a">San Juan Guillen, C&#xE9;sar</subfield>
  </datafield>
  <datafield tag="245" ind1="1" ind2="0">
    <subfield code="a">Gu&#xED;a de prevenci&#xF3;n del delito seguridad, dise&#xF1;o urbano, participaci&#xF3;n ciudadana y acci&#xF3;n policial</subfield>
    <subfield code="h">[Recurso electr&#xF3;nico] /</subfield>
    <subfield code="c">C&#xE9;sar San Juan Guillen, Laura Vozmediano Sanz</subfield>
  </datafield>
  <datafield tag="256" ind1=" " ind2=" ">
    <subfield code="a">Servicio en l&#xED;nea</subfield>
  </datafield>
  <datafield tag="260" ind1=" " ind2=" ">
    <subfield code="a">Barcelona:</subfield>
    <subfield code="b">J.M. Bosch Editor,</subfield>
    <subfield code="c">2021</subfield>
  </datafield>
  <datafield tag="300" ind1=" " ind2=" ">
    <subfield code="a">1 recurso electr&#xF3;nico</subfield>
  </datafield>
  <datafield tag="500" ind1=" " ind2=" ">
    <subfield code="a">La convivencia en sociedades multiculturales complejas se ha convertido en uno de los retos m&#xE1;s trascendentes en las ciudades de este incipiente siglo XXI. Para conseguir este objetivo es condici&#xF3;n indispensable que exista un razonable clima de seguridad y libertad, adem&#xE1;s de reducir, en la medida de lo posible, uno de los fen&#xF3;menos que de forma m&#xE1;s notable contribuyen al deterioro de la convivencia: el miedo. En esta Gu&#xED;a de Prevenci&#xF3;n del Delito &#x96;de gran inter&#xE9;s para todos los profesionales de la seguridad: crimin&#xF3;logos/as, polic&#xED;as y t&#xE9;cnicos con responsabilidades en materia de seguridad local&#x96;, se presenta un estructurado y exhaustivo compendio de acciones y estrategias de diagn&#xF3;stico e intervenci&#xF3;n orientadas al fomento de la seguridad, entendida &#xE9;sta, no solo como la reducci&#xF3;n, o incluso ausencia, de actividad delictiva, sino como un proceso de mejora continua de la calidad de vida de la ciudadan&#xED;a. En dicho proceso, la participaci&#xF3;n social y el desarrollo de nuevos modelos de acci&#xF3;n policial se presentan como dos elementos irrenunciables para el &#xE9;xito en la prevenci&#xF3;n del delito</subfield>
  </datafield>
  <datafield tag="506" ind1="1" ind2=" ">
    <subfield code="a">Disponible solo en los productos indicados</subfield>
    <subfield code="d">vLex Global</subfield>
    <subfield code="d">vLex Global (Academic Edition, excluding Law Schools)</subfield>
    <subfield code="d">vLex Global (U.S. Academic Edition, Law Schools)</subfield>
    <subfield code="d">vLex Global (U.S. Academic Edition, excluding Law Schools)</subfield>
    <subfield code="d">vLex Global (Academic Edition, Law Schools)</subfield>
  </datafield>
  <datafield tag="650" ind1="0" ind2="4">
    <subfield code="a">Derecho Penal</subfield>
    <subfield code="z">Espa&#xF1;a</subfield>
  </datafield>
  <datafield tag="700" ind1="1" ind2=" ">
    <subfield code="a">Vozmediano Sanz, Laura</subfield>
  </datafield>
  <datafield tag="740" ind1="0" ind2=" ">
    <subfield code="a">vLex Libros (Servicio en l&#xED;nea)</subfield>
  </datafield>
  <datafield tag="856" ind1="4" ind2="0">
    <subfield code="u">https://app.vlex.com/#/sources/35633</subfield>
  </datafield>
  <datafield tag="942" ind1=" " ind2=" ">
    <subfield code="c">RAA</subfield>
  </datafield>
  <datafield tag="952" ind1=" " ind2=" ">
    <subfield code="0">0</subfield>
    <subfield code="1">0</subfield>
    <subfield code="4">0</subfield>
    <subfield code="7">0</subfield>
    <subfield code="8">VLEX</subfield>
    <subfield code="9">329470</subfield>
    <subfield code="a">BD-UIN</subfield>
    <subfield code="b">BD-UIN</subfield>
    <subfield code="d">2024-03-05</subfield>
    <subfield code="l">0</subfield>
    <subfield code="p">35633</subfield>
    <subfield code="r">2024-03-05</subfield>
    <subfield code="w">2024-03-05</subfield>
    <subfield code="y">RAA</subfield>
  </datafield>
  <datafield tag="999" ind1=" " ind2=" ">
    <subfield code="c">171549</subfield>
    <subfield code="d">171549</subfield>
  </datafield>
</record>
